000 00850cam a2200265 a 4500
001 000019548
005 20200929170044.0
008 731019s1962 sp 001 f spa d
035 _a(DLC) 64046811
035 _a(OCoLC)720730
040 _aDO-SdBNP
_cOTifH
_dDLC
_dBNPHU
082 _a863.6
_bG633c
100 1 _aGómez de la Serna, Ramón,
_d1888-1963
_914278
245 1 0 _aCaprichos /
_cRamón Gómez de la Serna.
260 _aMadrid :
_bEspasa-Calpe,
_c1962.
300 _a228 p. ;
_c18 cm.
490 1 _aAustral. Azul: novelas y cuentos en general
_v1321
500 _aIncluye índice de autores
650 4 _aNovela española
_91123
650 4 _aLiteratura española
_ySIGLO XX
_93326
830 0 _aAustral.
_pAzul: novelas y cuentos en general
_v1321
_922386
910 _aCatalogación derivada / LC
910 _aWM
049 _aBNGR
999 _c19064
_d19064